<?xml version="1.0" encoding="UTF-8"?><?xml-stylesheet type="text/xsl" href="static/style.xsl"?><OAI-PMH xmlns="http://www.openarchives.org/OAI/2.0/" xmlns:xsi="http://www.w3.org/2001/XMLSchema-instance" xsi:schemaLocation="http://www.openarchives.org/OAI/2.0/ http://www.openarchives.org/OAI/2.0/OAI-PMH.xsd"><responseDate>2026-04-27T13:50:19Z</responseDate><request verb="GetRecord" identifier="oai:uvadoc.uva.es:10324/36094" metadataPrefix="marc">https://uvadoc.uva.es/oai/request</request><GetRecord><record><header><identifier>oai:uvadoc.uva.es:10324/36094</identifier><datestamp>2021-06-29T23:40:58Z</datestamp><setSpec>com_10324_38</setSpec><setSpec>col_10324_852</setSpec></header><metadata><record xmlns="http://www.loc.gov/MARC21/slim" xmlns:doc="http://www.lyncode.com/xoai" xmlns:xsi="http://www.w3.org/2001/XMLSchema-instance" xmlns:dcterms="http://purl.org/dc/terms/" xsi:schemaLocation="http://www.loc.gov/MARC21/slim http://www.loc.gov/standards/marcxml/schema/MARC21slim.xsd">
<leader>00925njm 22002777a 4500</leader>
<datafield tag="042" ind1=" " ind2=" ">
<subfield code="a">dc</subfield>
</datafield>
<datafield tag="720" ind1=" " ind2=" ">
<subfield code="a">Martínez Galán, Teresa</subfield>
<subfield code="e">author</subfield>
</datafield>
<datafield tag="260" ind1=" " ind2=" ">
<subfield code="c">2018</subfield>
</datafield>
<datafield tag="520" ind1=" " ind2=" ">
<subfield code="a">El presente trabajo fin de grado se centra en el estudio de la conciliación de la vida laboral y familiar de los trabajadores, en concreto, de aquellos con hijos a su cargo. La conciliación de la vida laboral y familiar representa hoy uno de los mayores retos de la agenda política española. En los últimos años se ha avanzado mucho en materia de conciliación en España, pero, ¿realmente llega a integrar la vida profesional y familiar de las personas de manera efectiva? A pesar de los avances, tanto en derechos de conciliación como en políticas familiarmente responsables, puede demostrarse que las actuales políticas de conciliación, públicas y privadas, no integran de manera real y efectiva la vida profesional y familiar de trabajadores, mujeres y hombres, con hijos a su cargo.&#xd;
En la actualidad, en España, la existencia de hijos y el cuidado de los mismos continúa siendo un obstáculo en el desarrollo de la carrera profesional de los trabajadores. Este efecto negativo se observa especialmente en el caso de las mujeres, puesto que son ellas quien sacrifican con más frecuencia su vida profesional, bien por medio de permisos retribuidos o bien por permisos no retribuidos.</subfield>
</datafield>
<datafield tag="024" ind2=" " ind1="8">
<subfield code="a">http://uvadoc.uva.es/handle/10324/36094</subfield>
</datafield>
<datafield tag="245" ind1="0" ind2="0">
<subfield code="a">Las políticas de conciliación laboral y familiar en España: Análisis de los trabajadores con hijos a su cargo</subfield>
</datafield>
</record></metadata></record></GetRecord></OAI-PMH>